| 000 | 00974 a2200265 4500 | ||
|---|---|---|---|
| 005 | 20180312141957.0 | ||
| 008 | 140303s1994 sp a gr|||| 000 j spa d | ||
| 020 | _a8448010094 | ||
| 040 |
_aCO-BoUCM _bspa _cJose A. Gerena _dDiana Londoño |
||
| 041 | _aspa | ||
| 100 | 1 |
_aSolé Vendrell, Carme _949468 |
|
| 245 | 1 | 0 |
_aNina y Tina _bvan al bosque _cCarme Solé Vendrell, Mateu, Françoise ; traducción de Maruchy Friart |
| 260 |
_c1994 _aBarcelona (España) _bTimun mas |
||
| 300 |
_a[29] páginas _bilustraciones a color |
||
| 490 | _aNina y Tina | ||
| 650 | 7 |
_918680 _aLiteratura infantil |
|
| 650 | 7 |
_918684 _aLiteratura infantil española |
|
| 650 | 7 |
_937305 _aCuentos ilustrados para niños |
|
| 690 |
_942863 _aLiteratura europea |
||
| 700 | 1 |
_aFriart, Maruchy _etraductor _957671 |
|
| 700 | 1 |
_aMateu, Françoise _949469 |
|
| 765 | _tNina et Tina dans les bois | ||
| 942 |
_a18 _cLIBRO _e1 _mS864v _2DEWEY _h868.64 _n0 |
||
| 999 |
_c239998 _d239998 |
||